Estudios Sociales Centroamericanos/ (Mayo - Agosto 1976) Año 5, Número 14
Guardat en:
| Autor corporatiu: | |
|---|---|
| Format: | Text |
| Idioma: | Spanish |
| Publicat: |
San José, Costa Rica
CSUCA
1976
|
| Matèries: | |
| Etiquetes: |
Afegir etiqueta
Sense etiquetes, Sigues el primer a etiquetar aquest registre!
|
MARC
| LEADER | 00000 a a2200000 04500 | ||
|---|---|---|---|
| 001 | 43059 | ||
| 003 | cru IIS | ||
| 005 | 20220608104227.0 | ||
| 008 | 220603b1976 cr ||||| |||| 00| 0 spa d | ||
| 040 | |c cru IIS | ||
| 090 | |a REV0467 5(14) 1976 | ||
| 110 | 2 | |9 9180 |a Confederación Universitaria Centroamericana | |
| 245 | |a Estudios Sociales Centroamericanos/ |b (Mayo - Agosto 1976) Año 5, Número 14 |c CSUCA | ||
| 260 | |a San José, Costa Rica |b CSUCA |c 1976 | ||
| 300 | |a 160 páginas | ||
| 505 | |a ARTÍCULOS Y ENSAYOS Mercados, intercambio regional y desarrollo de las desigualdades; Quiché 1973 Noeile Demyk (páginas 9-43) El complejo agroindustrial Alberto pasos Guimaraes ( páginas 45-54) Desarrollo, población y participación sindical en las políticas de población Blas SA. Real Espinales (55-78) PROBLEMAS Y DEBEATES TEÓRICOS METODOLÓGICOS Sociología del desarrollo o Sociología de la explotación? James Petras (páginas 81-105) TESIS DE GRADO Comercio exterior de Nicaragua (1821-1875) Alberto Lanuza matamoros (páginas 109-136) BIBLIOGRAFÍA Y DOCUMENTACIÓN Imperialismo y dictadura. Crisis de una formación social Blas a Real Espinales (páginas 139-147) | ||
| 650 | |a AGRICULTURA | ||
| 650 | |a AGROINDUSTRIA | ||
| 650 | |a CULTIVOS | ||
| 650 | |a PRODUCTIVIDAD | ||
| 773 | |g volumen5, número14 (1976), páginas 9-160 | ||
| 773 | 0 | |0 18875 |9 5481 |a Universidad de Costa Rica. |d San José, Costa Rica: Universidad de Costa Rica. Consejo Superior Universitario Centroamericano, 1972- |o 13804 |t Estudios Sociales Centroamericanos / |x 03039676 | |
| 773 | 0 | |0 REV0467 |9 5481 |a Universidad de Costa Rica. |d San José, Costa Rica: Universidad de Costa Rica. Consejo Superior Universitario Centroamericano, 1972- |o 13804 |t Estudios Sociales Centroamericanos / |x 0303-9676 | |
| 773 | 0 | |0 REV0467 |9 5481 |a Universidad de Costa Rica. |d San José, Costa Rica: Universidad de Costa Rica. Consejo Superior Universitario Centroamericano, 1972- |o 13804 |t Estudios Sociales Centroamericanos / |x 0303-9676 | |
| 942 | |2 z |c PP | ||
| 999 | |c 44285 |d 44285 | ||
